000 00335 a2200157 4500
001 75473
020 _a8516017834
040 _cAnchieta - Colégio São Paulo
100 _aBoccanera, Silio
240 1 0 _aJogo duplo
_lpor
245 1 0 _aJogo duplo
300 _a220
362 0 _a1997
650 4 _aFicção brasileira
942 _cBK
999 _c75473
_d75473